| 000 | 00910nam a22001937a 4500 | ||
|---|---|---|---|
| 999 |
_c59507 _d59507 |
||
| 003 | Ge_BSU | ||
| 005 | 20230306122744.0 | ||
| 008 | 230306s1999 ge ||||| |||| 00| 0 geo d | ||
| 041 | _ageo | ||
| 080 | _a341.43(094.5): 325.254.4/6 ს-19 | ||
| 245 | _aსაკანონმდებლო კრებული ლტოლვილთათვის. | ||
| 264 |
_aთბილისი, _bსაია, _c1999. |
||
| 300 |
_a400 გვ. ; _b20 სმ. |
||
| 500 | _aთავფურ. და ტექსტი ქართ., რუს. და ინგლ. ენ. | ||
| 653 | _aლტოლვილები | ||
| 653 | _aსაქართველოს კანონი "ლტოლვილთა" შესახებ. | ||
| 653 | _aადამიანის ძირითადი უფლებების დაცვა საქართველოში | ||
| 942 |
_2udc _cBK |
||